NBA Teams by Number of Rings - Statistics

General Stats
  • This quiz has been taken 545 times
  • The average score is 24 of 30
Answer Stats
Hint Answer % Correct
17 Boston Celtics
99%
16 Minneapolis/Los Angeles Lakers
95%
6 Chicago Bulls
93%
4 Philadelphia/San Francisco/Golden State Warriors
90%
5 San Antonio Spurs
90%
3 Miami Heat
88%
2 Houston Rockets
84%
1 Dallas Mavericks
83%
1 Milwaukee Bucks
83%
3 Syracuse Nationals/Philadelphia 76ers
83%
3 Fort Wayne Pistons/Detroit Pistons
81%
2 New York Knicks
81%
1 Cleveland Cavaliers
79%
1 Rochester/Cincinnati Royals/Kansas City/Sacramento Kings
79%
0 Charlotte Bobcats/Hornets
78%
0 Phoenix Suns
78%
1 Seattle SuperSonics/Oklahoma City Thunder
78%
0 Toronto Raptors
78%
1 Baltimore/Washington Bullets/Washington Wizards
77%
0 Orlando Magic
77%
1 St. Louis/Atlanta Hawks
76%
0 Buffalo Braves/San Diego/Los Angeles Clippers
75%
0 Minnesota Timberwolves
75%
0 New Jersey/Brooklyn Nets
75%
0 New Orleans/Utah Jazz
74%
0 Denver Nuggets
73%
0 Indiana Pacers
72%
0 New Orleans Hornets/Pelicans
71%
1 Portland Trail Blazers
70%
0 Vancouver/Memphis Grizzlies
70%
No matching quizzes found
Score Distribution
Percent of People with Each Score
Percentile by Number Answered
Your Score History
You have not taken this quiz